000 00220nam a2200097Ia 4500
005 20251222175818.0
008 251222s9999||||xx |||||||||||||| ||spa||
082 _aDVD0070/G37/2004
245 0 _aHotel Rwanda:
942 _cDVD
999 _c40394
_d40394